An evaluation of the impact of green taxes in the Nordic countries

The purpose of this report is to summarize the evaluations and studies of green tax, that have been conducted in the Nordic countries and to discuss some of the methodological problems associated with these types of analyses.

Tallennettuna:
Bibliografiset tiedot
Päätekijä: Andersen, Mikael Skou
Aineistotyyppi: Kirja
Kieli:Undetermined
Julkaistu: Denmark Nordic Council of Ministers 2001
Aiheet:
Tagit: Lisää tagi
Ei tageja, Lisää ensimmäinen tagi!
Thư viện lưu trữ: Trung tâm Học liệu Trường Đại học Cần Thơ
LEADER 00924nam a2200193Ia 4500
001 CTU_143383
008 210402s9999 xx 000 0 und d
082 |a 336.2250948 
082 |b A544 
100 |a Andersen, Mikael Skou 
245 3 |a An evaluation of the impact of green taxes in the Nordic countries 
245 0 |c Mikael Skou Andersen , Niels Dengsor , Anders Branth Pedersen 
260 |a Denmark 
260 |b Nordic Council of Ministers 
260 |c 2001 
520 |a The purpose of this report is to summarize the evaluations and studies of green tax, that have been conducted in the Nordic countries and to discuss some of the methodological problems associated with these types of analyses. 
650 |a Green revolutions,Environmental impact charges,Cách mạng xanh,Chi phí tác động môi trường 
904 |i Trọng Hiếu 
980 |a Trung tâm Học liệu Trường Đại học Cần Thơ